书目信息 |
| 题名: |
毛泽东诗词全集详注
|
|
| 作者: | 付建舟 编 | |
| 分册: | ||
| 出版信息: | 太原 山西高校联合出版社 |
|
| 页数: | 424页 | |
| 开本: | 16开 | |
| 丛书名: | ||
| 单 册: | ||
| 中图分类: | A141.4 | |
| 科图分类: | ||
| 主题词: | 马恩著作--诗歌 | |
| 电子资源: | ||
| ISBN: | 7-81032-944-8 | |
| 000 | 00553nam0 2200193 45 | |
| 001 | 0006211771 | |
| 005 | 20000621172455.5 | |
| 010 | @a7-81032-944-8@d19.80元 | |
| 100 | @a20000621d km y0chiy0120 ea | |
| 101 | 0 | @achi |
| 105 | @a z 000yy | |
| 200 | 1 | @a毛泽东诗词全集详注@AMao Ze Dong Shi Ci Quan Ji Xiang Zhu@f付建舟编@FFu Jian Zhou Bian |
| 210 | @a太原@c山西高校联合出版社 | |
| 215 | @a424页@d16开 | |
| 606 | 0 | @a马恩著作@x诗歌 |
| 690 | @aA141.4@v3 | |
| 701 | 0 | @a付建舟@4编 |
| 801 | @aCN@bPftUser@c20000621 | |
| 905 | @b209679@dA141.4@eM206@f1 | |
| 毛泽东诗词全集详注/付建舟编.-太原:山西高校联合出版社 |
| 424页;16开 |
| ISBN 7-81032-944-8:19.80元 |
| ● |
| 相关链接 |
|
|
|
正题名:毛泽东诗词全集详注
索取号:A141.4/M206
 
预约/预借
| 序号 | 登录号 | 条形码 | 馆藏地/架位号 | 状态 | 备注 |
| 1 | 209679 | 202096793 | 社科库509/509社科库 1排2列2层/ [索取号:A141.4/M206] | 在馆 |